| 000 | 00514nam a2200205Ia 4500 | ||
|---|---|---|---|
| 003 | LK-CoDNM | ||
| 005 | 20241217132733.0 | ||
| 008 | 121203t1964 xxu||||| |||| 00| 0 sin d | ||
| 040 |
_aLK-CoDNM _dLK-CoDNM _eLK-CoDNM |
||
| 041 | _asin | ||
| 080 |
_a8S-1 14/16 _bALA |
||
| 100 | _aSenadira .D.W | ||
| 245 | _aසුභාෂිතය | ||
| 246 | _aSubhashithaya | ||
| 260 |
_bY.Don Edvin _a- _c1964 |
||
| 300 | _b56p. ; 21 cm | ||
| 650 | _a1964 | ||
| 650 | _aපුරාතන පද්ය | ||
| 942 | _cBK | ||
| 999 |
_c77033 _d77033 |
||